| 000 -LEADER |
| fixed length control field |
02212cam a2200397 i 4500 |
| 001 - CONTROL NUMBER |
| control field |
.b15824184 |
| 003 - CONTROL NUMBER IDENTIFIER |
| control field |
OSt |
| 005 - DATE AND TIME OF LATEST TRANSACTION |
| control field |
20190814112043.0 |
| 008 - FIXED-LENGTH DATA ELEMENTS--GENERAL INFORMATION |
| fixed length control field |
161121s2017 enkb b 001 0 eng d |
| 020 ## - INTERNATIONAL STANDARD BOOK NUMBER |
| International Standard Book Number |
0230293549 |
| Qualifying information |
(pbk.) : |
| 020 ## - INTERNATIONAL STANDARD BOOK NUMBER |
| International Standard Book Number |
9780230293540 |
| Qualifying information |
(pbk.) : |
| 035 ## - SYSTEM CONTROL NUMBER |
| System control number |
(YBPMetadataService)99970834249 |
| 035 ## - SYSTEM CONTROL NUMBER |
| System control number |
ocn965611547 |
| 040 ## - CATALOGING SOURCE |
| Original cataloging agency |
NLE |
| Language of cataloging |
eng |
| Description conventions |
rda |
| Transcribing agency |
NLE |
| Modifying agency |
OCLCO |
| -- |
SINLB |
| -- |
NhCcYBP |
| -- |
TWWZU |
| 041 0# - LANGUAGE CODE |
| Language code of text/sound track or separate title |
eng |
| 042 ## - AUTHENTICATION CODE |
| Authentication code |
nbic |
| 043 ## - GEOGRAPHIC AREA CODE |
| Geographic area code |
a-my--- |
| 082 0# - DEWEY DECIMAL CLASSIFICATION NUMBER |
| Classification number |
959.5 AND |
| 090 ## - LOCALLY ASSIGNED LC-TYPE CALL NUMBER (OCLC); LOCAL CALL NUMBER (RLIN) |
| Classification number (OCLC) (R) ; Classification number, CALL (RLIN) (NR) |
959.5 |
| Local cutter number (OCLC) ; Book number/undivided call number, CALL (RLIN) |
A543 2017 |
| 100 1# - MAIN ENTRY--PERSONAL NAME |
| Personal name |
Andaya, Barbara Watson, |
| Relator term |
author. |
| 245 12 - TITLE STATEMENT |
| Title |
A history of Malaysia / |
| Statement of responsibility, etc. |
Barbara Watson Andaya and Leonard Y Andaya. |
| 250 ## - EDITION STATEMENT |
| Edition statement |
3rd edition. |
| 264 #1 - PRODUCTION, PUBLICATION, DISTRIBUTION, MANUFACTURE, AND COPYRIGHT NOTICE |
| Place of production, publication, distribution, manufacture |
London : |
| Name of producer, publisher, distributor, manufacturer |
Palgrave, an imprint of Macmillan Publishers Limited, |
| Date of production, publication, distribution, manufacture, or copyright notice |
2017. |
| 300 ## - PHYSICAL DESCRIPTION |
| Extent |
xxi, 445 pages : |
| Other physical details |
maps ; |
| Dimensions |
24 cm. |
| 336 ## - CONTENT TYPE |
| Content type term |
cartographic image |
| Content type code |
cri |
| Source |
rdacontent. |
| 336 ## - CONTENT TYPE |
| Content type term |
text |
| Content type code |
txt |
| Source |
rdacontent. |
| 337 ## - MEDIA TYPE |
| Media type term |
unmediated |
| Media type code |
n |
| Source |
rdamedia. |
| 338 ## - CARRIER TYPE |
| Carrier type term |
volume |
| Carrier type code |
nc |
| Source |
rdacarrier. |
| 500 ## - GENERAL NOTE |
| General note |
Previous edition: 2001. |
| 504 ## - BIBLIOGRAPHY, ETC. NOTE |
| Bibliography, etc. note |
Includes bibliographical references (pages 382-414) and index. |
| 505 0# - FORMATTED CONTENTS NOTE |
| Formatted contents note |
Introduction: The environment and peoples of Malaysia. The heritage of the past -- Melaka's legacy in a changing Malay world, 1400-1699 -- The demise of the Malay entrepôt state, 1699-1819 -- 'A new world is created', 1819-74 -- The making of 'British Malaya', 1874-1919 -- The functioning of a colonial society, 1919-41 -- Negotiating a new nation: 1942-69 -- Restructuring Malaysia, 1969-2000 -- Malaysia at a cross-roads, 1999-2015 -- Conclusion: Some themes in Malaysian history. |
| 520 ## - SUMMARY, ETC. |
| Summary, etc. |
This third edition of A History of Malaysia brings the story of the country up to date, incorporating the latest scholarship on every period of Malaysian history. A new chapter provides insights into Malaysian history of the last 15 years, including the growing influence of the internet and social media in the political sphere. Fresh analysis of Islam's historical role in the Malay world and how it links with the growing Islamization of Malaysia today makes this a timely study. |
| 651 #0 - SUBJECT ADDED ENTRY--GEOGRAPHIC NAME |
| Geographic name |
Malaysia |
| General subdivision |
History. |
| 700 1# - ADDED ENTRY--PERSONAL NAME |
| Personal name |
Andaya, Leonard Y., |
| Relator term |
author. |
| 942 ## - ADDED ENTRY ELEMENTS (KOHA) |
| Source of classification or shelving scheme |
|
| Koha item type |
Books - Non Ficton |